[Event "XXX Coppa d'Oro"]
[Site "Villa Guardia ITA"]
[Date "2012.11.01"]
[Round "1"]
[White "Aldeghi, Damiano"]
[Black "Carbone, Lorenzo"]
[WhiteElo "1405"]
[BlackElo "1749"]
[Result "0-1"]
[PlyCount "74"]
[EventDate "2012.11.01"]

1. e4 c5 2. Nf3 d6 3. d4 cxd4 4. Nxd4 Nf6 5. Nc3 a6 6. Be2 e6 7. O-O Be7 8. Re1
O-O 9. a3 b5 10. Bf3 Bb7 11. e5 Bxf3 12. Qxf3 dxe5 13. Qxa8 exd4 14. Ne4 Qb6
15. Nxf6+ Bxf6 16. Qe4 Nc6 17. Rb1 b4 18. a4 Ne5 19. Bf4 Ng6 20. Rbd1 b3 21.
Bg3 bxc2 22. Qxc2 Qb7 23. Rc1 e5 24. Qc6 Qxb2 25. Qxa6 e4 26. Rb1 Qc2 27. Qb5
d3 28. Qb3 Qc6 29. Qb5 Qc2 30. Rxe4 d2 31. Qf1 Qxe4 32. a5 h5 33. h3 Re8 34. f3
Bd4+ 35. Kh1 Qe2 36. Qd1 Qxd1+ 37. Rxd1 h4 0-1

[Event "XXX Coppa d'Oro"]
[Site "Villa Guardia ITA"]
[Date "2012.11.01"]
[Round "1"]
[White "Bernasconi, Roberto"]
[Black "Poletto, Daniele"]
[WhiteElo "1954"]
[BlackElo "1732"]
[Result "1-0"]
[PlyCount "73"]
[EventDate "2012.11.01"]

1. e4 c5 2. Nf3 e6 3. d4 cxd4 4. Nxd4 a6 5. c4 Nf6 6. Nc3 Qc7 7. Be3 Nc6 8. Be2
Bb4 9. f3 O-O 10. O-O Nxd4 11. Qxd4 d6 12. Na4 Bd7 13. a3 Bxa4 14. axb4 Bd7 15.
Rfd1 Rfd8 16. Qxd6 Qxd6 17. Rxd6 Bc6 18. Rad1 Rxd6 19. Rxd6 Kf8 20. e5 Ng8 21.
Kf2 Ke8 22. Bd3 h6 23. b3 Rd8 24. Rxd8+ Kxd8 25. Bb6+ Ke8 26. Bc5 Ne7 27. Bxe7
Kxe7 28. f4 g6 29. g4 f5 30. exf6+ Kxf6 31. Ke3 g5 32. Be4 e5 33. f5 h5 34. h3
hxg4 35. hxg4 Ke7 36. Bxc6 bxc6 37. Ke4 1-0

[Event "XXX Coppa d'Oro"]
[Site "Villa Guardia ITA"]
[Date "2012.11.01"]
[Round "1"]
[White "Ciochetta, Giovanni"]
[Black "Grassetto, Gilberto"]
[WhiteElo "1529"]
[BlackElo "1861"]
[Result "0-1"]
[PlyCount "78"]
[EventDate "2012.11.01"]

1. e4 c5 2. Nf3 d6 3. d4 cxd4 4. Nxd4 Nf6 5. Nc3 a6 6. Bg5 e6 7. Bc4 Be7 8. Qd3
O-O 9. O-O-O Nc6 10. Nxc6 bxc6 11. f4 d5 12. Bb3 Bb7 13. Bxf6 Bxf6 14. e5 Be7
15. a3 Qc7 16. Ne2 c5 17. Qg3 Rfb8 18. h4 Bc8 19. Ba2 Rb6 20. b3 a5 21. Kd2 a4
22. Rb1 axb3 23. Rxb3 c4 24. Rxb6 Qxb6 25. Rb1 Qc7 26. c3 Rxa3 27. Rb2 Qa7 28.
Bb1 Ba6 29. f5 exf5 30. Bxf5 d4 31. Nxd4 Qxd4+ 32. cxd4 Rxg3 33. Rb8+ Bf8 34.
Be4 c3+ 35. Kc2 Rg4 36. Bf3 Rxd4 37. Kxc3 Rxh4 38. Kd2 Bc4 39. Ke3 Be6 0-1

[Event "XXX Coppa d'Oro"]
[Site "Villa Guardia ITA"]
[Date "2012.11.01"]
[Round "1"]
[White "Falchi, Claudio"]
[Black "Nipote, Mario"]
[WhiteElo "1859"]
[BlackElo "1518"]
[Result "1-0"]
[PlyCount "63"]
[EventDate "2012.11.01"]

1. e4 c6 2. d3 d5 3. Nd2 dxe4 4. dxe4 e6 5. Ngf3 Nf6 6. e5 Nfd7 7. Ne4 Be7 8.
Nd6+ Bxd6 9. Qxd6 h6 10. Bf4 Nb6 11. Qxd8+ Kxd8 12. O-O-O+ Ke7 13. c4 N8d7 14.
Be2 f6 15. Rd4 fxe5 16. Nxe5 Nxe5 17. Bxe5 Rg8 18. Rhd1 Bd7 19. Bc7 Rad8 20.
Bxd8+ Rxd8 21. b3 c5 22. R4d3 Nc8 23. Bf3 Ke8 24. Bxb7 Ne7 25. Ba6 Nf5 26. Rxd7
Rxd7 27. Bb5 Nd4 28. Bxd7+ Kxd7 29. Kd2 a5 30. Ke3 Ke7 31. Rxd4 cxd4+ 32. Kxd4
1-0

[Event "XXX Coppa d'Oro"]
[Site "Villa Guardia ITA"]
[Date "2012.11.01"]
[Round "1"]
[White "Fantina, Carla"]
[Black "Paniga, Danilo"]
[WhiteElo "1485"]
[BlackElo "1849"]
[Result "0-1"]
[PlyCount "70"]
[EventDate "2012.11.01"]

1. c4 f5 2. Nc3 Nf6 3. g3 g6 4. Bg2 Bg7 5. e3 e5 6. Nge2 O-O 7. O-O d6 8. d4
Nc6 9. b3 e4 10. Rb1 Rf7 11. a3 g5 12. f4 exf3 13. Bxf3 g4 14. Bg2 h5 15. Nd5
Kh7 16. Nef4 Nxd5 17. Bxd5 Re7 18. Nxh5 Qe8 19. Nxg7 Kxg7 20. Bg2 Bd7 21. h3
Rxe3 22. Bxe3 Qxe3+ 23. Kh2 Nxd4 24. Qc1 Qxc1 25. Rfxc1 gxh3 26. Bxb7 Rb8 27.
Re1 Kf6 28. Rbd1 c5 29. Bd5 Rxb3 30. Rb1 Rxa3 31. Rb7 Ra2+ 32. Kxh3 Be6 33.
Rxe6+ Nxe6 34. Rb8 Nf4+ 35. Kh4 Rh2# 0-1

[Event "XXX Coppa d'Oro"]
[Site "Villa Guardia ITA"]
[Date "2012.11.01"]
[Round "1"]
[White "Ghelfi, Giancarlo"]
[Black "Rossi, Giampiero"]
[WhiteElo "1657"]
[BlackElo "1884"]
[Result "1/2-1/2"]
[PlyCount "55"]
[EventDate "2012.11.01"]

1. e4 c5 2. Nf3 e6 3. d4 cxd4 4. Nxd4 a6 5. Nc3 Qc7 6. g3 Nf6 7. Bg2 Be7 8. O-O
O-O 9. a4 d6 10. h3 Bd7 11. Be3 Nc6 12. Qd2 Rfc8 13. Rfd1 Ne5 14. Qe1 Rab8 15.
Bc1 b5 16. a5 Nc4 17. b3 Nxa5 18. Bd2 Nc6 19. Nxc6 Bxc6 20. Rxa6 e5 21. Ra2 Qb7
22. Be3 Ra8 23. Rxa8 Rxa8 24. Bg5 b4 25. Bxf6 Bxf6 26. Nd5 Bxd5 27. Rxd5 Be7
28. Bf1 1/2-1/2

[Event "XXX Coppa d'Oro"]
[Site "Villa Guardia ITA"]
[Date "2012.11.01"]
[Round "1"]
[White "Gonella, Daniele"]
[Black "Squillante, Michele"]
[WhiteElo "2148"]
[BlackElo "1733"]
[Result "1-0"]
[PlyCount "53"]
[EventDate "2012.11.01"]

1. e4 c6 2. d4 d5 3. exd5 cxd5 4. c4 Nf6 5. Nc3 e6 6. Nf3 Be7 7. Be2 O-O 8. O-O
Nc6 9. Re1 a6 10. a3 Re8 11. Be3 dxc4 12. Bxc4 Nd5 13. Qd3 Nxe3 14. Rxe3 Bf6
15. Rd1 b5 16. Ba2 Ne7 17. Bb1 g6 18. Qe4 Ra7 19. Qf4 Kg7 20. Ne5 Bb7 21. Rh3
Ng8 22. Rdd3 Qc7 23. Nxg6 e5 24. dxe5 Bxe5 25. Nxe5 Rxe5 26. Qd4 Ra8 27. f4 1-0

[Event "XXX Coppa d'Oro"]
[Site "Villa Guardia ITA"]
[Date "2012.11.01"]
[Round "1"]
[White "Guzzetti, Luigi Enrico"]
[Black "Corti, Filippo"]
[WhiteElo "1923"]
[BlackElo "1657"]
[Result "1-0"]
[PlyCount "67"]
[EventDate "2012.11.01"]

1. e4 c6 2. d4 d5 3. Nc3 dxe4 4. Nxe4 Bf5 5. Ng3 Bg6 6. Nf3 Nd7 7. Bd3 Bxd3 8.
Qxd3 Qc7 9. O-O Ngf6 10. Re1 e6 11. c4 Bb4 12. Bd2 Bxd2 13. Qxd2 O-O 14. Rad1
Rad8 15. b4 a6 16. h3 h6 17. Qb2 b5 18. Rc1 Qa7 19. Ne5 Nxe5 20. dxe5 Nd7 21.
c5 Qc7 22. Rcd1 f6 23. f4 fxe5 24. fxe5 Rf4 25. Rd6 Rdf8 26. Qb3 Rc4 27. Rxe6
Rff4 28. Rd6 Kh8 29. Qd3 Nf8 30. e6 Qe7 31. Nf5 Qf6 32. e7 Qxf5 33. Qxf5 Rxf5
34. e8=Q 1-0

[Event "XXX Coppa d'Oro"]
[Site "Villa Guardia ITA"]
[Date "2012.11.01"]
[Round "1"]
[White "Laricini, Alberto"]
[Black "Bernocchi, Luca"]
[WhiteElo "1816"]
[BlackElo "1437"]
[Result "1-0"]
[PlyCount "47"]
[EventDate "2012.11.01"]

1. d4 g6 2. Nf3 Nf6 3. c4 Bg7 4. Nc3 d6 5. e4 O-O 6. Bg5 h6 7. Bd2 Nbd7 8. Be2
e5 9. dxe5 dxe5 10. O-O Nc5 11. Qc2 Nh5 12. Rad1 Qe7 13. Nd5 Qe8 14. Nxc7 Qe7
15. Nxa8 Bg4 16. Bb4 Rxa8 17. Rd5 Rc8 18. Rfd1 Bxf3 19. Bxf3 Nf4 20. Bxc5 Rxc5
21. Rd7 Qe6 22. b3 Qb6 23. a3 Qc6 24. R1d6 1-0

[Event "XXX Coppa d'Oro"]
[Site "Villa Guardia ITA"]
[Date "2012.11.01"]
[Round "1"]
[White "Napoli, Ferdinando"]
[Black "Raineri, Valerio"]
[WhiteElo "1732"]
[BlackElo "2142"]
[Result "0-1"]
[PlyCount "56"]
[EventDate "2012.11.01"]

1. e4 e5 2. Nf3 Nc6 3. Bb5 a6 4. Ba4 Nge7 5. O-O d6 6. c3 Bd7 7. d4 Ng6 8. d5
Nb8 9. Bxd7+ Qxd7 10. Re1 Be7 11. c4 O-O 12. Nc3 f5 13. exf5 Qxf5 14. Ne4 Nd7
15. Ng3 Qf7 16. Qe2 h6 17. Be3 c6 18. dxc6 bxc6 19. Red1 d5 20. Bc1 Bc5 21.
cxd5 cxd5 22. Be3 e4 23. Nd4 Nde5 24. Rf1 Nd3 25. f3 Qa7 26. Ngf5 Ngf4 27. Qd2
g6 28. Nxh6+ Kh7 0-1

[Event "XXX Coppa d'Oro"]
[Site "Villa Guardia ITA"]
[Date "2012.11.01"]
[Round "1"]
[White "Orlando, Luigi"]
[Black "Puppi, Simone"]
[WhiteElo "1873"]
[BlackElo "1551"]
[Result "1-0"]
[PlyCount "77"]
[EventDate "2012.11.01"]

1. Nf3 d5 2. g3 Nf6 3. Bg2 Bf5 4. d3 h6 5. O-O Nbd7 6. Nbd2 e5 7. Re1 Bd6 8. e4
Be6 9. exd5 Bxd5 10. Nxe5 Nxe5 11. d4 Bxg2 12. dxe5 O-O 13. Kxg2 Bxe5 14. Rxe5
Qd4 15. Qe2 Rae8 16. Nf3 Qb6 17. Qb5 Qd6 18. Rxe8 Rxe8 19. Bf4 Qd5 20. Qxd5
Nxd5 21. Re1 Rd8 22. c3 f6 23. Nd4 Kf7 24. Re2 Rd7 25. Bc1 a5 26. f4 a4 27. Kf3
Rd6 28. f5 Rc6 29. Nxc6 bxc6 30. Bd2 Ne7 31. Rxe7+ Kxe7 32. g4 Kd7 33. Ke4 Kc8
34. h4 Kb7 35. g5 hxg5 36. hxg5 Kb6 37. gxf6 gxf6 38. Be3+ c5 39. Kd5 1-0

[Event "XXX Coppa d'Oro"]
[Site "Villa Guardia ITA"]
[Date "2012.11.01"]
[Round "1"]
[White "Primerano, Carlo"]
[Black "Gonella, Graziano"]
[WhiteElo "1746"]
[BlackElo "1202"]
[Result "1-0"]
[PlyCount "115"]
[EventDate "2012.11.01"]

1. d4 d5 2. c4 Nf6 3. cxd5 Nxd5 4. e4 Nf6 5. Nc3 e6 6. Nf3 a6 7. Be2 Bb4 8. Qc2
O-O 9. O-O Nbd7 10. Bg5 Be7 11. Bd3 g6 12. Rfd1 c6 13. a3 b5 14. Rac1 Bb7 15.
e5 Nd5 16. Bxe7 Nxe7 17. Ne4 Nd5 18. Nd6 Rb8 19. Qd2 f6 20. Qh6 Qe7 21. Nxb7
Rxb7 22. Rxc6 fxe5 23. Ng5 Rb6 24. Rxb6 N7xb6 25. dxe5 Nf4 26. Bb1 Nc4 27. Nf3
Nxb2 28. Rd6 Rc8 29. Qxf4 Nc4 30. h3 Rf8 31. Qg5 Re8 32. Qxe7 Rxe7 33. Rxa6 Kf7
34. Ng5+ Kg7 35. Nxe6+ Kh6 36. Bd3 Nxa3 37. Rxa3 Rxe6 38. f4 Rb6 39. Rb3 g5 40.
f5 b4 41. g4 Kg7 42. Kf2 h6 43. Ke3 h5 44. Kd4 hxg4 45. hxg4 Kf7 46. Bc4+ Ke7
47. f6+ Kf8 48. Kc5 Rb8 49. Rxb4 Rc8+ 50. Kd4 Rd8+ 51. Ke4 Rc8 52. e6 Re8 53.
e7+ Rxe7+ 54. fxe7+ Kxe7 55. Ke5 Kf8 56. Kf6 Ke8 57. Rb7 Kd8 58. Be6 1-0

[Event "XXX Coppa d'Oro"]
[Site "Villa Guardia ITA"]
[Date "2012.11.01"]
[Round "1"]
[White "Revinelli, Sergio"]
[Black "Loukili, Ibrahim"]
[WhiteElo "1827"]
[BlackElo "1467"]
[Result "1-0"]
[PlyCount "71"]
[EventDate "2012.11.01"]

1. e4 e5 2. Nf3 Nc6 3. Bc4 Bc5 4. c3 d6 5. h3 Nge7 6. O-O O-O 7. d4 Bb6 8. a4
Kh8 9. Ng5 f5 10. Qh5 h6 11. Nf7+ Rxf7 12. Bxf7 Qf8 13. d5 Nd8 14. Bg6 Nxg6 15.
Qxg6 Qf7 16. Qxf7 Nxf7 17. a5 Bc5 18. b4 Bxb4 19. cxb4 fxe4 20. Nc3 Ng5 21.
Bxg5 hxg5 22. Nxe4 b6 23. axb6 cxb6 24. Nxd6 Bd7 25. Nf7+ Kg8 26. Nxe5 Bb5 27.
Rfd1 Rd8 28. Nc6 Rxd5 29. Ne7+ Kh7 30. Rxd5 Bc4 31. Rxg5 g6 32. Rxa7 Kg7 33.
Rxg6+ Kf7 34. Rc6 Bd5 35. Nxd5+ Ke8 36. Rc8# 1-0

[Event "XXX Coppa d'Oro"]
[Site "Villa Guardia ITA"]
[Date "2012.11.01"]
[Round "1"]
[White "Ronconi, Fausto"]
[Black "Cairoli, Camillo"]
[WhiteElo "1709"]
[BlackElo "1939"]
[Result "0-1"]
[PlyCount "78"]
[EventDate "2012.11.01"]

1. d4 Nf6 2. c4 g6 3. Nc3 Bg7 4. Nf3 d6 5. g3 O-O 6. Bg2 Nbd7 7. O-O e5 8. e3
c6 9. Ng5 h6 10. Nge4 Qc7 11. dxe5 dxe5 12. Nd6 Rd8 13. Nxc8 Raxc8 14. Qc2 b5
15. Ne4 Nxe4 16. Bxe4 Nc5 17. Bg2 b4 18. Rd1 Rxd1+ 19. Qxd1 Rd8 20. Qe2 e4 21.
Bd2 a5 22. Rb1 Qd7 23. Be1 Qe6 24. a3 Nd3 25. axb4 axb4 26. b3 c5 27. Rd1 f5
28. Bf1 Rd6 29. f3 Bf6 30. fxe4 fxe4 31. Qg2 Rd8 32. Qh3 Kf7 33. Qxe6+ Kxe6 34.
Bxd3 exd3 35. Kf2 Bc3 36. Bd2 Ke5 37. Ke1 Ke4 38. Rc1 Bxd2+ 39. Kxd2 Ra8 0-1

[Event "XXX Coppa d'Oro"]
[Site "Villa Guardia ITA"]
[Date "2012.11.01"]
[Round "2"]
[White "Cairoli, Camillo"]
[Black "Laricini, Alberto"]
[WhiteElo "1939"]
[BlackElo "1816"]
[Result "1-0"]
[PlyCount "41"]
[EventDate "2012.11.01"]

1. Nf3 d5 2. d4 Nf6 3. e3 e6 4. Bd3 Be7 5. c4 dxc4 6. Bxc4 O-O 7. O-O Nbd7 8.
Nc3 b6 9. Qe2 Bb7 10. e4 c5 11. Rd1 cxd4 12. Nxd4 Qb8 13. Nxe6 Rc8 14. Ng5 Rf8
15. f4 Qc8 16. e5 Ne8 17. Nxf7 Rxf7 18. Bxf7+ Kf8 19. Be6 Bc6 20. Qg4 Bc5+ 21.
Kh1 1-0

[Event "XXX Coppa d'Oro"]
[Site "Villa Guardia ITA"]
[Date "2012.11.01"]
[Round "2"]
[White "Carbone, Lorenzo"]
[Black "Guzzetti, Luigi Enrico"]
[WhiteElo "1749"]
[BlackElo "1923"]
[Result "0-1"]
[PlyCount "74"]
[EventDate "2012.11.01"]

1. e4 c5 2. Nf3 e6 3. d4 cxd4 4. Nxd4 a6 5. Be2 Nf6 6. O-O Qc7 7. Bd3 Nc6 8.
Nxc6 bxc6 9. Be3 Be7 10. Nd2 Rb8 11. b3 O-O 12. f4 d5 13. e5 Nd7 14. Qh5 f5 15.
Rf3 g6 16. Rg3 Rf7 17. Rf1 Nc5 18. Nf3 Ne4 19. Bxe4 fxe4 20. Nh4 Bxh4 21. Qxh4
c5 22. c3 a5 23. Qh6 Qe7 24. h4 Ba6 25. Rf2 Rg7 26. Rg4 Rd8 27. f5 exf5 28. Bg5
Qd7 29. Bxd8 fxg4 30. Bf6 g3 31. Rf4 e3 32. Rf3 e2 33. Qd2 Rf7 34. h5 d4 35.
hxg6 hxg6 36. Rxg3 Qf5 37. Rf3 Qb1+ 0-1

[Event "XXX Coppa d'Oro"]
[Site "Villa Guardia ITA"]
[Date "2012.11.01"]
[Round "2"]
[White "Corti, Filippo"]
[Black "Bernocchi, Luca"]
[WhiteElo "1657"]
[BlackElo "1437"]
[Result "1-0"]
[PlyCount "76"]
[EventDate "2012.11.01"]

1. Nf3 Nc6 2. g3 e5 3. d3 d5 4. Bg2 Nf6 5. O-O Bc5 6. c3 O-O 7. b4 Bb6 8. b5
Ne7 9. Nxe5 Ng6 10. Nxg6 hxg6 11. a4 d4 12. Ba3 Re8 13. c4 c6 14. bxc6 bxc6 15.
Bxc6 Bh3 16. Bxe8 Bxf1 17. Bxf7+ Kxf7 18. Qxf1 Qd7 19. Qg2 Re8 20. c5 Ba5 21.
c6 Qe6 22. Kf1 Qxe2+ 23. Kg1 Qe1+ 24. Qf1 Bc3 25. Nxc3 Qxc3 26. Qb1 Qxc6 27.
Qb3+ Re6 28. Re1 Nd5 29. Rxe6 Qxe6 30. Qc4 Qe5 31. Bb2 Qe1+ 32. Kg2 Qe5 33.
Qxd4 Qxd4 34. Bxd4 a6 35. Kf3 Ke6 36. Bxg7 Nb6 37. a5 Nd7 38. Bd4 Kf5 1-0

[Event "XXX Coppa d'Oro"]
[Site "Villa Guardia ITA"]
[Date "2012.11.01"]
[Round "2"]
[White "Falchi, Claudio"]
[Black "Gonella, Daniele"]
[WhiteElo "1859"]
[BlackElo "2148"]
[Result "1-0"]
[PlyCount "119"]
[EventDate "2012.11.01"]

1. e4 c5 2. Nc3 Nc6 3. g3 g6 4. Bg2 Bg7 5. d3 d6 6. f4 e6 7. Nf3 Nge7 8. O-O
O-O 9. Be3 b6 10. d4 cxd4 11. Nxd4 Ba6 12. Re1 Rc8 13. Qd2 Na5 14. b3 Qc7 15.
Ncb5 Bxb5 16. Nxb5 Qxc2 17. Rac1 Qxd2 18. Bxd2 Nb7 19. Bb4 Rxc1 20. Rxc1 Rc8
21. Rd1 Nc6 22. Ba3 a6 23. Nxd6 Nxd6 24. Bxd6 Rd8 25. e5 Nxe5 26. fxe5 Bxe5 27.
Bxe5 Rxd1+ 28. Bf1 Kf8 29. a4 Ke7 30. Kf2 a5 31. Bc7 Rd2+ 32. Kg1 Rb2 33. Bc4
b5 34. axb5 Ra2 35. b6 Kd7 36. Bb5+ Kc8 37. Ba6+ Kd7 38. Bb5+ Kc8 39. Ba6+ Kd7
40. Be5 Ra3 41. b7 Rxb3 42. b8=Q Rxb8 43. Bxb8 f6 44. Kf2 Kc6 45. Ba7 e5 46.
Ke3 f5 47. Bc4 h6 48. Bf7 g5 49. Bb8 f4+ 50. gxf4 exf4+ 51. Kf3 a4 52. Be5 a3
53. Bg7 Kd6 54. Bxh6 Ke7 55. Ba2 Kf6 56. Kg4 Kg6 57. Bxg5 f3 58. Be3 Kf6 59.
Kxf3 Kf5 60. Bb1+ 1-0

[Event "XXX Coppa d'Oro"]
[Site "Villa Guardia ITA"]
[Date "2012.11.01"]
[Round "2"]
[White "Gonella, Graziano"]
[Black "Ciochetta, Giovanni"]
[WhiteElo "1202"]
[BlackElo "1529"]
[Result "0-1"]
[PlyCount "94"]
[EventDate "2012.11.01"]

1. e4 e5 2. Ne2 Nf6 3. f4 d6 4. d4 exd4 5. Qxd4 Nc6 6. Qe3 Qe7 7. Nbc3 Bd7 8.
Bd2 a6 9. O-O-O b5 10. Ng3 g6 11. Nd5 Qd8 12. f5 Bg7 13. h3 O-O 14. Nxf6+ Bxf6
15. fxg6 fxg6 16. Qh6 Bg7 17. Qe3 Re8 18. Bd3 Ne7 19. Rhf1 Be6 20. Ne2 c5 21.
c3 Bxa2 22. Bc2 Bf7 23. Rf2 Nc6 24. Rdf1 Ra7 25. h4 Ne5 26. Qh3 Be6 27. Rf8+
Bxf8 28. Rxf8+ Kxf8 29. Bh6+ Kg8 30. Qe3 Ng4 31. Qg5 Qxg5+ 32. Bxg5 h6 33. Bf4
Rd7 34. Ng3 Rf8 35. Ne2 Bc4 36. Bxh6 Nxh6 37. Ng3 Kg7 38. h5 g5 39. Nf5+ Nxf5
40. exf5 Re7 41. f6+ Rxf6 42. b3 Rf1+ 43. Kb2 Bd5 44. c4 bxc4 45. bxc4 Bxc4 46.
Ka3 Rb7 47. Ka4 Ra1# 0-1

[Event "XXX Coppa d'Oro"]
[Site "Villa Guardia ITA"]
[Date "2012.11.01"]
[Round "2"]
[White "Loukili, Ibrahim"]
[Black "Ronconi, Fausto"]
[WhiteElo "1467"]
[BlackElo "1709"]
[Result "0-1"]
[PlyCount "60"]
[EventDate "2012.11.01"]

1. e4 e6 2. Nf3 d5 3. exd5 exd5 4. d4 Nf6 5. Nc3 Be7 6. Ne2 Ne4 7. g3 Bg4 8.
Bg2 Nd7 9. O-O c6 10. c3 O-O 11. Bf4 Ng5 12. Re1 Nxf3+ 13. Bxf3 Bxf3 14. b3 Nf6
15. Qd3 Be4 16. Qe3 Bd6 17. Nc1 Bxf4 18. Qxf4 Re8 19. f3 Bg6 20. Rxe8+ Qxe8 21.
c4 Qe1+ 22. Kg2 Bd3 23. Kh3 Bf1+ 24. Kh4 h6 25. Qxf6 gxf6 26. cxd5 Qd2 27. f4
Qxh2+ 28. Kg4 Bh3+ 29. Kf3 Re8 30. g4 Qg2# 0-1

[Event "XXX Coppa d'Oro"]
[Site "Villa Guardia ITA"]
[Date "2012.11.01"]
[Round "2"]
[White "Nipote, Mario"]
[Black "Napoli, Ferdinando"]
[WhiteElo "1518"]
[BlackElo "1732"]
[Result "1/2-1/2"]
[PlyCount "94"]
[EventDate "2012.11.01"]

1. d4 Nf6 2. c4 g6 3. Nc3 Bg7 4. e4 d6 5. f3 O-O 6. Be3 e5 7. d5 Nbd7 8. Qd2
Ne8 9. h4 f5 10. h5 f4 11. Bf2 g5 12. O-O-O h6 13. Kb1 b6 14. Nge2 a5 15. Nb5
Nc5 16. g3 fxg3 17. Nxg3 Rxf3 18. Qe2 Qf6 19. Rd2 Bg4 20. Qe1 Bd7 21. Rh2 Qf4
22. Bxc5 bxc5 23. Rhg2 Bh3 24. Rg1 Re3 25. Re2 Rxe2 26. Qxe2 Bg4 27. Qe1 Qf7
28. Be2 Bd7 29. Rf1 Bf6 30. Nf5 Bxf5 31. Rxf5 Ng7 32. Rf2 Rf8 33. Bg4 Qe7 34.
Qf1 Ne8 35. Be6+ Kh8 36. Qh3 Bg7 37. Rf5 Rxf5 38. Qxf5 Qf6 39. Kc2 Qxf5 40.
Bxf5 Nf6 41. Bg6 Bf8 42. Nxc7 Be7 43. Kd2 Nd7 44. Nb5 Kg7 45. Nc3 Kf6 46. Bf5
Nb6 47. b3 Bd8 1/2-1/2

[Event "XXX Coppa d'Oro"]
[Site "Villa Guardia ITA"]
[Date "2012.11.01"]
[Round "2"]
[White "Paniga, Danilo"]
[Black "Bernasconi, Roberto"]
[WhiteElo "1849"]
[BlackElo "1954"]
[Result "0-1"]
[PlyCount "58"]
[EventDate "2012.11.01"]

1. d4 d5 2. Nf3 Nf6 3. e3 e6 4. Nbd2 Bd6 5. Bd3 O-O 6. O-O Nbd7 7. c3 b6 8. e4
dxe4 9. Nxe4 Nxe4 10. Bxe4 Rb8 11. Re1 Nf6 12. Bc2 Bb7 13. h3 Re8 14. Ne5 Bf8
15. Ng4 Nxg4 16. Qxg4 g6 17. Bf4 Rc8 18. Bg5 Be7 19. Bxe7 Rxe7 20. Qg5 Rd7 21.
Qe3 c5 22. dxc5 Rxc5 23. Rad1 Rcd5 24. Qe2 Rd2 25. Rxd2 Rxd2 26. Rd1 Qg5 27.
Qg4 Qxg4 28. hxg4 Rxc2 29. Rd7 Bd5 0-1

[Event "XXX Coppa d'Oro"]
[Site "Villa Guardia ITA"]
[Date "2012.11.01"]
[Round "2"]
[White "Poletto, Daniele"]
[Black "Fantina, Carla"]
[WhiteElo "1732"]
[BlackElo "1485"]
[Result "1-0"]
[PlyCount "85"]
[EventDate "2012.11.01"]

1. c4 Nf6 2. Nc3 g6 3. e4 d6 4. g3 Bg7 5. Bg2 e5 6. Nge2 Be6 7. d3 c6 8. O-O
Na6 9. h3 Nc7 10. Kh2 b5 11. cxb5 Nxb5 12. Nxb5 cxb5 13. d4 Rb8 14. d5 Bd7 15.
Be3 Qa5 16. a3 O-O 17. b4 Qa6 18. Qb3 Qb7 19. Rac1 Rfc8 20. f4 Ne8 21. fxe5
Bxe5 22. Bh6 Rc7 23. h4 Rbc8 24. Qf3 Nf6 25. Rxc7 Rxc7 26. Bg5 Ng4+ 27. Kh1 f5
28. exf5 Bxf5 29. Bh3 Qc8 30. h5 a6 31. h6 Rc4 32. Kg1 Bd4+ 33. Nxd4 Rxd4 34.
Rc1 Rc4 35. Rxc4 Qxc4 36. Qd1 Qc3 37. Bxg4 Bxg4 38. Qxg4 Qa1+ 39. Kf2 Qb2+ 40.
Qe2 Qe5 41. Qxe5 dxe5 42. d6 Kf8 43. d7 1-0

[Event "XXX Coppa d'Oro"]
[Site "Villa Guardia ITA"]
[Date "2012.11.01"]
[Round "2"]
[White "Primerano, Carlo"]
[Black "Orlando, Luigi"]
[WhiteElo "1746"]
[BlackElo "1873"]
[Result "1-0"]
[PlyCount "71"]
[EventDate "2012.11.01"]

1. d4 Nf6 2. c4 g6 3. Nc3 Bg7 4. e4 d6 5. f3 O-O 6. Be3 e5 7. d5 a5 8. Qd2 Na6
9. Nge2 Bd7 10. g4 a4 11. h4 c6 12. Ng3 cxd5 13. cxd5 h5 14. gxh5 Nxh5 15. Nxh5
gxh5 16. Bh6 f6 17. Rg1 Rf7 18. Qg2 Qf8 19. Bb5 Bxb5 20. Nxb5 Rd8 21. Kd2 Kh7
22. Bxg7 Rxg7 23. Qxg7+ Qxg7 24. Rxg7+ Kxg7 25. Rc1 Nc5 26. Nxd6 b6 27. Nf5+
Kf7 28. Rg1 Ne6 29. Ke3 Nf4 30. Rg7+ Kf8 31. Rb7 Rc8 32. Kd2 Rd8 33. Rxb6 Nxd5
34. exd5 Rxd5+ 35. Ke3 Kf7 36. Ra6 1-0

[Event "XXX Coppa d'Oro"]
[Site "Villa Guardia ITA"]
[Date "2012.11.01"]
[Round "2"]
[White "Puppi, Simone"]
[Black "Aldeghi, Damiano"]
[WhiteElo "1551"]
[BlackElo "1405"]
[Result "0-1"]
[PlyCount "122"]
[EventDate "2012.11.01"]

1. e4 e5 2. Nf3 Nc6 3. Bb5 Bd6 4. c3 a6 5. Ba4 b5 6. Bc2 Nf6 7. d4 exd4 8. cxd4
Bb4+ 9. Bd2 Qe7 10. Qe2 Bxd2+ 11. Nbxd2 Qb4 12. d5 Qxb2 13. O-O Nd4 14. Nxd4
Qxd4 15. Rad1 O-O 16. Nf3 Qb2 17. Qd3 d6 18. Bb3 Re8 19. Rfe1 Qa3 20. e5 dxe5
21. Rxe5 Rxe5 22. Nxe5 Qd6 23. Nc6 Bb7 24. Qf3 Re8 25. g3 Bc8 26. Qc3 Bh3 27.
Re1 Rxe1+ 28. Qxe1 g6 29. Qe3 Kg7 30. Qd4 Qd7 31. f3 Qf5 32. Ne5 Qb1+ 33. Qd1
Qxd1+ 34. Bxd1 Nxd5 35. Bb3 Be6 36. Kf2 Nc3 37. Bxe6 fxe6 38. Nd3 Nxa2 39. Nc5
Kf6 40. Nxa6 c6 41. Ke2 Ke5 42. Kd2 Kd4 43. Kc2 Kc4 44. Kb2 Nb4 45. Nc7 e5 46.
Ne8 Nd3+ 47. Kb1 Ne1 48. f4 e4 49. Nd6+ Kd4 50. f5 gxf5 51. Nxf5+ Ke5 52. Ne3
c5 53. Kc1 c4 54. Kd2 Nf3+ 55. Kc3 Nxh2 56. Kb4 Kd4 57. Nf5+ Kd3 58. Nd6 c3 59.
Kb3 c2 60. Kb2 e3 61. Nxb5 Kd2 0-1

[Event "XXX Coppa d'Oro"]
[Site "Villa Guardia ITA"]
[Date "2012.11.01"]
[Round "2"]
[White "Raineri, Valerio"]
[Black "Revinelli, Sergio"]
[WhiteElo "2142"]
[BlackElo "1827"]
[Result "1-0"]
[PlyCount "95"]
[EventDate "2012.11.01"]

1. e4 e5 2. Nf3 Nc6 3. Bb5 f5 4. d3 fxe4 5. dxe4 Nf6 6. Qd3 Nb4 7. Qe2 c6 8.
Bc4 b5 9. Bb3 d6 10. c4 Rb8 11. Nc3 Be6 12. cxb5 Bxb3 13. axb3 Qc7 14. bxc6
Nxc6 15. Qc4 Rb4 16. Qe6+ Be7 17. Ra4 Nd8 18. Qh3 Rxa4 19. bxa4 Nxe4 20. Bd2
Nxc3 21. Bxc3 O-O 22. O-O Rf6 23. Bd2 Ne6 24. Rc1 Qb7 25. b4 Bf8 26. Ng5 Nxg5
27. Bxg5 Rg6 28. Bd2 Qd5 29. Be3 Qb7 30. b5 Rf6 31. Qc8 Rf7 32. Qxb7 Rxb7 33.
Rc6 d5 34. Bc5 Bxc5 35. Rxc5 Rd7 36. Kf1 Kf7 37. Ke2 Ke6 38. Rc6+ Ke7 39. Kd3
Rb7 40. g3 Kd7 41. f4 exf4 42. gxf4 Rb8 43. Kd4 Rf8 44. Ke5 Re8+ 45. Kxd5 Re1
46. Ra6 Rd1+ 47. Ke5 Re1+ 48. Kf5 1-0

[Event "XXX Coppa d'Oro"]
[Site "Villa Guardia ITA"]
[Date "2012.11.01"]
[Round "2"]
[White "Rossi, Giampiero"]
[Black "Valsecchi, Luca"]
[WhiteElo "1884"]
[BlackElo "1823"]
[Result "1/2-1/2"]
[PlyCount "60"]
[EventDate "2012.11.01"]

1. d4 Nf6 2. c4 e6 3. Nc3 Bb4 4. Qc2 Nc6 5. Nf3 d6 6. Bg5 h6 7. Bh4 g5 8. Bg3
g4 9. Nd2 Nxd4 10. Qa4+ Nc6 11. e3 Bxc3 12. bxc3 Nh5 13. Be2 Nxg3 14. hxg3 f5
15. O-O-O Qf6 16. Kc2 Bd7 17. Qa3 Ne5 18. c5 Qe7 19. Nb3 dxc5 20. Qxc5 Qxc5 21.
Nxc5 Ke7 22. Rh2 b6 23. Nxd7 Nxd7 24. Rdh1 Nc5 25. f3 gxf3 26. gxf3 Rag8 27.
Rh3 Rg6 28. Bd1 Rhg8 29. Rg1 a5 30. Be2 Kd6 1/2-1/2

[Event "XXX Coppa d'Oro"]
[Site "Villa Guardia ITA"]
[Date "2012.11.01"]
[Round "2"]
[White "Squillante, Michele"]
[Black "Ghelfi, Giancarlo"]
[WhiteElo "1733"]
[BlackElo "1657"]
[Result "1-0"]
[PlyCount "39"]
[EventDate "2012.11.01"]

1. d4 Nf6 2. Nf3 g6 3. Bg5 Bg7 4. Nbd2 O-O 5. e3 d6 6. Be2 Nbd7 7. O-O h6 8.
Bh4 g5 9. Bg3 Nh5 10. c3 Nxg3 11. hxg3 Nf6 12. Nh2 e5 13. Ng4 exd4 14. Nxf6+
Qxf6 15. exd4 d5 16. Qb3 c6 17. Rae1 a6 18. Nf3 b5 19. Ne5 Re8 20. Bh5 1-0